000 00687nam a2200265Ia 4500
003 OSt
005 20221006144636.0
006 a|||||r|||| 00| 0
007 ta
008 221006b |||||||| |||| 00| 0 chi d
020 _a9787020015016
_cYu 34.00
024 _a12,223
037 _bGift, PRC
_cTextual
040 _aEASL
_cEASL
_bchi
041 _2chi
_achi
082 _aO41,3, N0
100 _aSHI Naian
_9652512
245 0 _aShu hu Chuan
260 _aBeijing
_bRenmin wenxue Chubanshe China
_c1990
300 _a768p.
_ccm.
490 _v CL
650 _aCL
_9642733
942 _hO41,3, N0
_cTEXL
_2CC
999 _c1080309
_d1080309